| 000 | 00585cam a22002054a 4500 | ||
|---|---|---|---|
| 020 | _a078948031X (alk. paper) | ||
| 040 | _cDLC | ||
| 082 | 0 | 0 | _a581 dkp 2001 c144 Or. |
| 100 | 1 | _aBown, Deni. | |
| 245 | 1 | 0 | _aNew encyclopedia of herbs & their uses / |
| 246 | 3 | _aNew encyclopedia of herbs and their uses | |
| 250 | _a1st American ed. | ||
| 260 |
_aLondon ; _aNew York : _bDK Pub., _c2001. |
||
| 300 |
_a448 p. : _bill. (some col.) ; _c30 cm. |
||
| 500 | _aMap of North America on end papers. | ||
| 650 | 0 | _aHerbs | |
| 650 | 0 | _aHerbs | |
| 650 | 0 | _aHerb gardening. | |
| 942 | _cAEDBB | ||
| 999 |
_c18415 _d18415 |
||